[Event "Corus C"]
[Site "Wijk aan Zee NED"]
[Date "2010.01.26"]
[Round "9"]
[White "Peng Zhaoqin"]
[Black "Soumya, Sw"]
[Result "1/2-1/2"]
[WhiteElo "2402"]
[BlackElo "2323"]
[PlyCount "126"]
[EventDate "2010.01.16"]

1. d4 d5 2. c4 c6 3. Nf3 Nf6 4. e3 Bg4 5. h3 Bxf3 6. Qxf3 e6 7. Nc3 Bd6 8. Bd3
Nbd7 9. cxd5 Nxd5 10. O-O O-O 11. Rd1 Qe7 12. Bd2 Rfe8 13. Rab1 N5f6 14. a3 e5
15. Bc4 e4 16. Qe2 b5 17. Ba2 Bb8 18. Rbc1 Qd6 19. g3 a6 20. Be1 Nb6 21. Kg2
Ra7 22. Rc2 h5 23. Rdc1 Rc7 24. Qd1 h4 25. Ne2 Nbd5 26. Bb4 Qd7 27. Nf4 hxg3
28. Bxd5 cxd5 29. fxg3 Rec8 30. Bc5 Rc6 31. Rf2 Qd8 32. Qe2 Nd7 33. b4 Bxf4 34.
Rxf4 Nb6 35. Bxb6 Qxb6 36. Rc5 Rxc5 37. dxc5 Qe6 38. Qb2 f6 39. g4 Rd8 40. Qd4
Kf7 41. Rf5 Rd7 42. Kf2 Ke7 43. Rh5 Kd8 44. Rh8+ Kc7 45. Ra8 Kb7 46. Rf8 Kc7
47. Ra8 Kb7 48. Rh8 Kc7 49. Ke1 Rd8 50. Rh7 Rd7 51. Kd2 Qg8 52. Rh5 Qa8 53. Kc3
a5 54. Kb2 Kc6 55. g5 axb4 56. axb4 Qe8 57. Rh7 Qg6 58. Rh8 Qxg5 59. Ra8 Qg2+
60. Kb3 Qf1 61. Ra6+ Kc7 62. Ra7+ Kc6 63. Ra6+ Kc7 1/2-1/2

[Event "Corus C"]
[Site "Wijk aan Zee NED"]
[Date "2010.01.26"]
[Round "9"]
[White "Bok, B."]
[Black "Kuipers, S."]
[Result "1-0"]
[WhiteElo "2322"]
[BlackElo "2340"]
[PlyCount "77"]
[EventDate "2010.01.16"]

1. e4 c5 2. Nf3 Nc6 3. Nc3 Nf6 4. Bb5 Qc7 5. O-O Nd4 6. d3 Ng4 7. g3 Nxf3+ 8.
Qxf3 Ne5 9. Qh5 g6 10. Nd5 Qb8 11. Qe2 a6 12. Ba4 b5 13. Bb3 Nc6 14. c3 Bg7 15.
f4 e6 16. f5 c4 17. dxc4 exd5 18. exd5+ Ne5 19. c5 f6 20. fxg6 hxg6 21. Bc2 d6
22. Bxg6+ Kd8 23. Be4 dxc5 24. Be3 Qd6 25. b4 cxb4 26. cxb4 Qxb4 27. Bb6+ Ke8
28. Bg6+ Kd7 29. Rac1 Qd6 30. Rc6 Bb7 31. Bf5+ Ke7 32. Rxd6 Kxd6 33. Rc1 Rac8
34. Bxc8 Bxc8 35. Bc7+ Kxd5 36. Bxe5 fxe5 37. Qd3+ Ke6 38. Qg6+ Bf6 39. Rxc8
1-0

[Event "Corus C"]
[Site "Wijk aan Zee NED"]
[Date "2010.01.26"]
[Round "9"]
[White "Vocaturo, D."]
[Black "Muzychuk, M."]
[Result "1-0"]
[WhiteElo "2495"]
[BlackElo "2447"]
[PlyCount "171"]
[EventDate "2010.01.16"]

1. e4 c5 2. Nf3 Nc6 3. d4 cxd4 4. Nxd4 Nf6 5. Nc3 e5 6. Ndb5 d6 7. Bg5 a6 8.
Na3 b5 9. Nd5 Be7 10. Bxf6 Bxf6 11. c3 Bg5 12. Nc2 Rb8 13. Be2 O-O 14. O-O a5
15. Qd3 Ne7 16. Nce3 Bxe3 17. Nxe3 Qb6 18. Rfd1 Rd8 19. Rd2 Be6 20. Bg4 Bxg4
21. Nxg4 f6 22. Rad1 Qc5 23. h4 Rb6 24. Qg3 Kh8 25. h5 h6 26. Qf3 Rf8 27. Ne3
a4 28. a3 Rd8 29. Qg4 Kg8 30. Rd3 Kf8 31. R1d2 Qc6 32. Nc2 Qc8 33. Qxc8 Nxc8
34. Ne3 Kf7 35. Nf5 Rd7 36. Rg3 Kf8 37. Kf1 Rc6 38. Rd5 Rb6 39. Rgd3 Kf7 40.
Ke2 Ke6 41. Kd1 Ne7 42. Nxg7+ Kf7 43. Nf5 Nxd5 44. exd5 Rb8 45. Rg3 Rh8 46. Rg6
e4 47. g4 Ke8 48. Rxf6 Rg8 49. Re6+ Kf8 50. Rxe4 Rg5 51. Ke2 Rb7 52. f3 Rb8 53.
Kf2 Rc8 54. Rb4 Rxf5 55. gxf5 Rc5 56. Rd4 Kf7 57. Ke3 Kf6 58. Kf4 Kf7 59. Re4
Rxd5 60. Rd4 Re5 61. Rxd6 Re2 62. Rxh6 Rxb2 63. Rg6 Rb3 64. h6 Rxc3 65. h7 Rc8
66. Rb6 Kg7 67. Rxb5 Rc3 68. Rb4 Kxh7 69. Rxa4 Kg7 70. Kg5 Rxf3 71. Ra7+ Kg8
72. a4 Rc3 73. Kg6 Rg3+ 74. Kf6 Rc3 75. a5 Rc6+ 76. Kg5 Rc1 77. Kg6 Rg1+ 78.
Kf6 Rc1 79. Ra6 Rb1 80. Rb6 Ra1 81. a6 Kh7 82. Ke7 Re1+ 83. Re6 Rf1 84. f6 Rc1
85. f7 Rc7+ 86. Kd8 1-0

[Event "Corus C"]
[Site "Wijk aan Zee NED"]
[Date "2010.01.26"]
[Round "9"]
[White "Plukkel, S."]
[Black "Swinkels, R."]
[Result "0-1"]
[WhiteElo "2279"]
[BlackElo "2495"]
[PlyCount "142"]
[EventDate "2010.01.16"]

1. e4 c5 2. Nf3 d6 3. Nc3 Nc6 4. Be2 e5 5. O-O Nf6 6. a3 Be7 7. b4 O-O 8. Rb1
b6 9. Re1 Nd4 10. Nxd4 cxd4 11. Na4 Bd7 12. c3 b5 13. Nb2 dxc3 14. dxc3 Nxe4
15. Qc2 Nf6 16. Bf3 Rc8 17. Nd1 Qc7 18. Bg5 Be6 19. Rc1 d5 20. Be2 Rb8 21. Ne3
h6 22. Bh4 Ne4 23. Bxe7 Qxe7 24. f3 Nf6 25. Bd3 Rfc8 26. Qe2 a6 27. Nf1 Qa7+
28. Kh1 Nd7 29. Bb1 f6 30. Qd3 Nf8 31. Ng3 Rd8 32. Qc2 Rbc8 33. Qd3 Bf7 34. Nf5
Bg6 35. Qd2 Qd7 36. g4 Qb7 37. Rcd1 Rc7 38. f4 Bxf5 39. gxf5 exf4 40. Ba2 Kh8
41. Bxd5 Qa7 42. Re4 Rcd7 43. Rd4 Qc7 44. Be6 Qc6+ 45. Bd5 Qc8 46. Rf1 Qc7 47.
Bb3 f3 48. Rxf3 Qc6 49. Kg2 Rxd4 50. cxd4 Qe4 51. d5 Nd7 52. Qd3 Qe8 53. Qe3
Ne5 54. Rh3 Kh7 55. Rg3 Qh5 56. Qa7 Qe2+ 57. Kh1 Rd7 58. Qg1 Nf3 59. Rxf3 Qxf3+
60. Qg2 Qxg2+ 61. Kxg2 Kg8 62. Kf3 Kf8 63. Ke4 Ke7 64. Kd4 Kd6 65. a4 Re7 66.
axb5 axb5 67. Bc2 Re2 68. Bd3 Rxh2 69. Bxb5 Rh4+ 70. Kc3 Kxd5 71. Kb3 Rf4 0-1

[Event "Corus C"]
[Site "Wijk aan Zee NED"]
[Date "2010.01.26"]
[Round "9"]
[White "Li Chao2"]
[Black "Robson, R."]
[Result "1-0"]
[WhiteElo "2604"]
[BlackElo "2570"]
[PlyCount "67"]
[EventDate "2010.01.16"]

1. e4 c5 2. Nf3 d6 3. d4 cxd4 4. Nxd4 Nf6 5. Nc3 g6 6. Be3 Bg7 7. f3 O-O 8. Qd2
Nc6 9. Bc4 Bd7 10. h4 Ne5 11. Bb3 h5 12. O-O-O Rc8 13. Bg5 Rc5 14. Kb1 b5 15.
g4 hxg4 16. h5 Nxh5 17. Nd5 Nf6 18. Bh6 Nxd5 19. Bxg7 Kxg7 20. Qh6+ Kf6 21.
exd5 Nxf3 22. Ne2 e5 23. dxe6 Bxe6 24. Qf4+ Rf5 25. Qxg4 Kg7 26. Bxe6 fxe6 27.
Nd4 Nxd4 28. Qxd4+ e5 29. Qxa7+ R8f7 30. Qe3 Qg5 31. Qd3 Qf6 32. a3 Rf2 33. Qh3
Qf5 34. Qh8# 1-0

[Event "Corus C"]
[Site "Wijk aan Zee NED"]
[Date "2010.01.26"]
[Round "9"]
[White "Van Kampen, R."]
[Black "Gupta, Ab"]
[Result "1-0"]
[WhiteElo "2456"]
[BlackElo "2577"]
[PlyCount "59"]
[EventDate "2010.01.16"]

1. e4 e5 2. Nf3 Nc6 3. Bb5 a6 4. Ba4 Nf6 5. O-O Bc5 6. c3 b5 7. Bb3 d6 8. a4
Bg4 9. axb5 axb5 10. Rxa8 Qxa8 11. h3 Bd7 12. d4 Bb6 13. Re1 O-O 14. Na3 h6 15.
Nxb5 Nxd4 16. Nbxd4 exd4 17. e5 dxe5 18. Nxe5 Bc6 19. Qd3 Bd5 20. Bc2 Re8 21.
Qg3 Ne4 22. Rxe4 Bxe4 23. Bxh6 g6 24. Qf4 Qd5 25. Bb3 Qxe5 26. Qxf7+ Kh8 27.
Bg5 Qxg5 28. Qxe8+ Kg7 29. Qf7+ Kh6 30. Qf8+ 1-0

[Event "Corus C"]
[Site "Wijk aan Zee NED"]
[Date "2010.01.26"]
[Round "9"]
[White "Lie, K."]
[Black "Grandelius, N."]
[Result "0-1"]
[WhiteElo "2547"]
[BlackElo "2515"]
[PlyCount "92"]
[EventDate "2010.01.16"]

1. f4 Nf6 2. Nf3 g6 3. d3 d5 4. e3 Bg7 5. Be2 O-O 6. O-O c5 7. Qe1 Nc6 8. a4
Qc7 9. Qh4 e5 10. e4 dxe4 11. dxe4 Nxe4 12. fxe5 f5 13. exf6 Nxf6 14. Bc4+ Kh8
15. Bf4 Qd8 16. Nc3 Bf5 17. Rad1 Nd4 18. Ng5 Nh5 19. Bc1 Qd7 20. Bb5 Qc8 21.
Nd5 h6 22. Ne4 Qd8 23. Ne7 Bf6 24. Rxf5 Nf3+ 25. Rxf3 Qxd1+ 26. Rf1 Qd4+ 27.
Qf2 Qxe4 28. Re1 Bd4 29. Rxe4 Bxf2+ 30. Kh1 Kg7 31. c3 Rad8 32. Be2 Bg3 33. Be3
Rd1+ 34. Bg1 Re1 35. Bxh5 Rxe4 36. Nxg6 Rf1 37. hxg3 Ree1 38. Kh2 Rxg1 39. g4
Rb1 40. Nf4 Rh1+ 41. Kg3 Rxb2 42. Ne6+ Kf6 43. Nxc5 Rg1 44. Kf3 b6 45. Ne4+ Ke5
46. g3 Rf1+ 0-1